00642nam a2200145 a 450000100100000000500170001000800410002704000250006808200160009310000330010924500960014226000720023830000280031050001580033800002824320200930031454.0110331s2002 dr a 000 0 spa d aDO-SdBNPbspacBNPHU axxxxbG934c1 aGuerrero Prats R., Francisco10aLa económia dominicana :bun compromiso con la estabilidad /cFrancisco Guerrero Prats R. aSanto Domingo :bBanco Central de la República Dominicana,c2002. a27 p :bgraf. ;c29 cm. aDisertación ofrecida ante al Cámara America de Comercio de la República Dominicana por el gobernador del Banco Central, Francisco M. Guerrero Prats